书目信息 |
| 题名: |
方言校笺及通检
|
|
| 作者: | 周祖谟 校 | |
| 分册: | ||
| 出版信息: | 北京 科学出版社 1956 |
|
| 页数: | 249页 | |
| 开本: | 26cm | |
| 丛书名: | ||
| 单 册: | ||
| 中图分类: | H171 | |
| 科图分类: | ||
| 主题词: | 古方言∶汉语方言--研究 , 汉语方言∶古方言--研究 | |
| 电子资源: | ||
| ISBN: | ||
| 000 | 00670nam0 2200253 45 | |
| 001 | 0193035879 | |
| 005 | 20060706081742.37 | |
| 010 | @b精装@dCNY3.50 | |
| 100 | @a19930821e1956 em y0chiy0121 ea | |
| 101 | 0 | @achi |
| 102 | @aCN | |
| 102 | @aCN@b110000 | |
| 102 | @aCN@b110000 | |
| 105 | @ay z 001yy | |
| 200 | 10 | @a方言校笺及通检@AFANG YAN JIAO JIAN@f周祖谟校@FZHOU ZU MO JIAO JIAN |
| 210 | @a北京@c科学出版社@d1956 | |
| 215 | @a249页@d26cm | |
| 605 | @a方言@x注释 | |
| 606 | @a古方言∶汉语方言@x研究 | |
| 606 | @a汉语方言∶古方言@x研究 | |
| 690 | @aH171@v4 | |
| 701 | 0 | @a周祖谟@Azhou zu mo@4校 |
| 801 | 0 | @aCN@bTSSF@c20060706 |
| 905 | @a10447@dH171@e22 | |
| 方言校笺及通检/周祖谟校.-北京:科学出版社,1956 |
| 249页;26cm |
| ISBN (精装):CNY3.50 |
| ● |
| 相关链接 |
|
|
|
|
正题名:方言校笺及通检
索取号:H171/22
 
预约/预借
| 序号 | 登录号 | 条形码 | 馆藏地/架位号 | 状态 | 备注 |
| 1 | 0421425 | 204214251 | 密集书库/ [索取号:H171/22] | 在馆 |